|
|
|
|
| LEADER |
00000nam0a2200000 4500 |
| 001 |
337860 |
| 005 |
20231102005007.0 |
| 035 |
|
|
|a (RuTPU)RU\TPU\book\364348
|
| 090 |
|
|
|a 337860
|
| 100 |
|
|
|a 20171114d1980 km y0rusy50 ca
|
| 101 |
0 |
|
|a rus
|
| 102 |
|
|
|a RU
|
| 105 |
|
|
|a a z 001zy
|
| 200 |
1 |
|
|a Тонкослойные стеклоэмалевые и стеклокерамические покрытия
|f Л. В. Николаева, А. И. Борисенко
|
| 210 |
|
|
|a Ленинград
|c Наука
|d 1980
|
| 215 |
|
|
|a 89 с.
|c ил.
|
| 320 |
|
|
|a Библиогр.: с. 84-88
|
| 606 |
1 |
|
|a Стеклоэмалевые покрытия
|x Макроструктура
|2 stltpush
|3 (RuTPU)RU\TPU\subj\34729
|9 56610
|
| 610 |
1 |
|
|a эмалирование
|
| 610 |
1 |
|
|a напыление
|
| 610 |
1 |
|
|a растворы
|
| 610 |
1 |
|
|a свойства
|
| 610 |
1 |
|
|a керамика
|
| 610 |
1 |
|
|a осаждение
|
| 610 |
1 |
|
|a испарение
|
| 610 |
1 |
|
|a металлизация
|
| 610 |
1 |
|
|a получение
|
| 610 |
1 |
|
|a провода
|
| 610 |
1 |
|
|a электроизоляция
|
| 610 |
1 |
|
|a стеклокерамика
|
| 610 |
1 |
|
|a применение
|
| 675 |
|
|
|a 666.29
|v 4
|
| 700 |
|
1 |
|a Николаева
|b Л. В.
|g Людмила Васильевна
|
| 701 |
|
1 |
|a Борисенко
|b А. И.
|g Анатолий Исидорович
|
| 801 |
|
1 |
|a RU
|b 63413507
|c 20171114
|
| 801 |
|
2 |
|a RU
|b 63413507
|c 20220506
|g RCR
|
| 942 |
|
|
|c BK
|